Nadnárodní harmonizace účetnictví
Účtovanie a vykazovanie dlhodobých hmotných aktív - pozemkov, budov a zariadení. Uznanie pozemkov, budov a zariadení ako aktíva. Oceňovanie budov, pozemkov a zariadení. Odpisovanie budov a zariadení. Následné výdavky. Príklady. Pokračovanie v budúcom čísle.
Gespeichert in:
| 1. Verfasser: | |
|---|---|
| Format: | Buchkapitel |
| Sprache: | Tschechisch |
| Schlagworte: | |
| Tags: |
Keine Tags, Fügen Sie das erste Tag hinzu!
|
MARC
| LEADER | 00000naa a2200000 4500 | ||
|---|---|---|---|
| 001 | r046734 | ||
| 005 | 20230913090530.5 | ||
| 041 | 0 | |a cze | |
| 044 | |a CZ | ||
| 245 | 1 | 0 | |a Nadnárodní harmonizace účetnictví |c Marie Zelenková |
| 520 | |a Účtovanie a vykazovanie dlhodobých hmotných aktív - pozemkov, budov a zariadení. Uznanie pozemkov, budov a zariadení ako aktíva. Oceňovanie budov, pozemkov a zariadení. Odpisovanie budov a zariadení. Následné výdavky. Príklady. Pokračovanie v budúcom čísle. | ||
| 610 | 2 | 0 | |a účtovníctvo |
| 610 | 2 | 0 | |a štandardy |
| 610 | 2 | 0 | |a IAS |
| 610 | 2 | 0 | |a účtovníctvo medzinárodné |
| 610 | 2 | 0 | |a pozemky |
| 610 | 2 | 0 | |a budovy |
| 610 | 2 | 0 | |a majetok hmotný |
| 610 | 2 | 0 | |a oceňovanie |
| 610 | 2 | 0 | |a odpisy účtovné |
| 610 | 2 | 0 | |a výdavky |
| 100 | 1 | |a Zelenková, Marie | |